000 nam a22 7a 4500
999 _c8412
_d8412
008 180116b ||||| |||| 00| 0 eng d
100 _aGuha.I.etal.
_94814
245 _aThe Grammar Tree
260 _aNew Delhi
_bOxford
_c2005